Hodnotenie využívania obnoviteľných zdrojov v podmienkach Slovenska za obdobie rokov 2006-2011 diplomová práca

Gespeichert in:
Bibliographische Detailangaben
1. Verfasser: Babincová, Beáta
Körperschaft: Obchodná fakulta EU. Katedra medzinárodného obchodu
Weitere Verfasser: Rosenberg, Miloslav
Format: Buch
Sprache:Slowakisch
Veröffentlicht: Bratislava 2013
Tags: Tag hinzufügen
Keine Tags, Fügen Sie das erste Tag hinzu!

MARC

LEADER 00000nbm a2200000 4500
001 0169558
005 20161109102312.0
041 0 |a slo 
044 |a SK 
245 1 0 |a Hodnotenie využívania obnoviteľných zdrojov v podmienkach Slovenska za obdobie rokov 2006-2011  |b diplomová práca  |c Beáta Babincová ; školiteľ: Miloslav Rosenberg 
264 1 |a Bratislava  |c 2013 
300 |a 85 s. 
100 1 |a Babincová, Beáta 
700 1 |a Rosenberg, Miloslav 
710 2 |a Obchodná fakulta EU. Katedra medzinárodného obchodu